Leaders: (Record no. 186182)

000 -LEADER
fixed length control field 00772 a2200193 4500
003 - CONTROL NUMBER IDENTIFIER
control field Nust
005 - DATE AND TIME OF LATEST TRANSACTION
control field 20230404104700.0
020 ## - INTERNATIONAL STANDARD BOOK NUMBER
International Standard Book Number 0283989041
040 ## - CATALOGING SOURCE
Transcribing agency Nust
082 ## - DEWEY DECIMAL CLASSIFICATION NUMBER
Classification number 909.82,NIX
100 ## - MAIN ENTRY--PERSONAL NAME
Personal name Nixon, Richard
245 ## - TITLE STATEMENT
Title Leaders:
Remainder of title Profiles and reminiscences about men who have shaped the modern world /
Statement of responsibility, etc. Richard Nixon,
260 ## - PUBLICATION, DISTRIBUTION, ETC.
Place of publication, distribution, etc. Warner Book , Inc
Name of publisher, distributor, etc. U.S.A
Date of publication, distribution, etc. 1982
300 ## - PHYSICAL DESCRIPTION
Extent 371 p
Other physical details illus
Dimensions 19 cm
505 ## - FORMATTED CONTENTS NOTE
Formatted contents note They Made a Differences (Page-1), Winston Churchill (Page-7), Charles de Gaulle (Page-40), Douglas MacArthur and Shigeru Yoshida (Page-81), Konrad Adenauer (Page-133), Zhou Enlai (Page-217), A New World (Page-249), In the Arena (Page-320).
600 ## - SUBJECT ADDED ENTRY--PERSONAL NAME
Personal name Nixon, Richard
9 (RLIN) 111690
650 ## - SUBJECT ADDED ENTRY--TOPICAL TERM
Topical term or geographic name entry element Leaders;
9 (RLIN) 111691
942 ## - ADDED ENTRY ELEMENTS (KOHA)
Source of classification or shelving scheme
Koha item type Book
Call number prefix 909.82,NIX
Holdings
Withdrawn status Lost status Source of classification or shelving scheme Damaged status Not for loan Permanent Location Current Location Shelving location Date acquired Full call number Barcode Date last seen Price effective from Koha item type Public note Collection code Total Checkouts
          Military College of Signals (MCS) Military College of Signals (MCS) General Stacks 12/12/2016 909.82,NIX MCS30531 12/08/2016 12/12/2016 Book Almirha No 75, Shelf No 5    
          Military College of Signals (MCS) Military College of Signals (MCS) General Stacks 12/12/2016 909.82,NIX MCS30532 12/08/2016 12/12/2016 Book Almirha No 75, Shelf No 5    
          Military College of Signals (MCS) Military College of Signals (MCS) General Stacks 12/12/2016 909.82,NIX MCS30533 12/08/2016 12/12/2016 Book Almirha No 75, Shelf No 5    
          Military College of Signals (MCS) Military College of Signals (MCS)   12/12/2016 909.82 NIX MCS30534 12/08/2016 12/12/2016 Book      
© 2023 Central Library, National University of Sciences and Technology. All Rights Reserved.